000 00545nam a22001697a 4500
082 _aBE-EE-3
100 _aAadil Jaleel Choudhry
_992448
245 _aSub-Aquatic Surveillance Robot Navigated by Stereo Vision
260 _aIslamabad
_bNUST-SEECS
_c2015
300 _apv
_eCD Include
500 _aSupervisors: Dr. Amir Ali Khan, Dr. Ammar Hasan
700 _aSaeed Mashood,
_992449
700 _aSheheryar Mehmood,
_992450
700 _aHina Anwar
_915666
856 _uhttp://10.250.8.41:8080/xmlui/handle/123456789/9781
942 _cPR
_2ddc
999 _c13267
_d13267